Statistiken für Meister Schweizer Super League

Klicken Sie hier um das Quiz zu spielen!

Allgemein

  • Dieses Quiz wurde 69 mal gespielt
  • Das Durchschnittsergebnis liegt bei 95 aus 125

Antwortstatistiken

HintAntwort% Korrekt
17/18 | 18/19 | 19/20 | +8 othersBSC Young Boys
100%
1902/03 | 1908/09 | 1909/10 | +2 othersFC Young Boys
100%
05/06 | 06/07 | 08/09 | +10 othersFC Zürich
100%
01/02 | 03/04 | 04/05 | +17 othersFC Basel 1893
98%
1903/04 | 99/00FC St. Gallen 1879
76%
88/89FC Luzern
75%
00/01 | 02/03 | 1897/98 | +24 othersGrasshopper Club Zürich
75%
1912/13 | 31/32 | 34/35 | +4 othersFC Lausanne-Sport
63%
91/92 | 96/97FC Sion
63%
1906/07 | 1917/18 | 1921/22 | +14 othersServette FC
62%
37/38 | 40/41 | 48/49FC Lugano
60%
86/87 | 87/88Neuchâtel Xamax
57%
1911/12 | 1913/14 | 92/93FC Aarau
51%
1905/06 | 1907/08 | 1916/17FC Winterthur
43%
46/47FC Biel-Bienne
33%
47/48AC Bellinzona
30%
53/54 | 54/55 | 63/64FC La Chaux-de-Fonds
27%
1915/16FC Cantonal Neuchâtel
13%
1918/19FC Etoile-Sporting
11%
1914/15SC Brühl SG
11%
1898/99Anglo-American Club Zürich (1869 - 1900)
10%

Verteilung der Resultate

Perzentil nach korrekt beantworteten Fragen

Anzahl Personen mit jedem Resultat

Ihre Resultats-Entwicklung

Sie haben dieses Quiz noch nicht gespielt